00391cam a2200121 4500020001500000082001200015100001700027245008700044260002900131300002100160505006500181650002300246 a058202502800a547 FIN1 aFinar, I. L.00aOrganic chemistry : vol.2: Stereochemistry and the Chemistry of Natural Products aLondon: bLongman,c1975 av. 942pbillus.1 avol.2: Stereochemistry and the Chemistry of Natural Products 0aChemistry, Organic